| 000 | 00370nam a2200157Ia 4500 | ||
|---|---|---|---|
| 100 | _aRao/S. Balachandra | ||
| 250 | _a1 | ||
| 942 | _cBK | ||
| 654 | _aequations | ||
| 245 | _aDifferential Equations with application and Programs | ||
| 260 |
_bUniversities Press _aHyderabad _c1996 |
||
| 082 |
_a515.35 _bRAO/ANU |
||
| 300 | _a408 | ||
| 546 | _aENGLISH | ||
| 999 |
_c30816 _d30816 |
||